| 000 | 00611nam a2200241Ia 4500 | ||
|---|---|---|---|
| 003 | 0100 | ||
| 008 | 130303s9999 xx 000 0 und d | ||
| 020 | _a0415212111 | ||
| 040 | _cARRUPELIB | ||
| 050 | _aJC330.15H66 2002 | ||
| 100 | _aHonohan, Iseult | ||
| 245 | _aCivic republicanism | ||
| 245 | _bthe problems of philosophy | ||
| 260 | _aLondon | ||
| 260 | _bRoutledge | ||
| 260 | _C2002 | ||
| 300 | _avii | ||
| 300 | _b 328p. 22cm. | ||
| 650 | _bPolitical ethics--Africa, Sub-Saharan | ||
| 650 | _cMythology, African | ||
| 650 | _dEconomic development--Religious aspects | ||
| 942 |
_2lcc _01 |
||
| 999 |
_c66839 _d66839 |
||